| 000 | 01158cab a2200277 4500 | ||
|---|---|---|---|
| 001 | ABS49382 | ||
| 008 | 090401t1993 xxu||||| |||| 00| 0 eng d | ||
| 035 | _a(Sirsi) u71055 | ||
| 041 | _aeng | ||
| 100 | _aJohnston, B. | ||
| 245 | _aEuropean pot stirred but not shaken | ||
| 260 | _c1993 | ||
| 350 | _a0 | ||
| 490 |
_aPlanning (for the Natural and Built Environment) _v(1035) 10 September 1993, 20-21(2) |
||
| 520 | _aExplains EC regional development funding schemes including the European Regional Development Fund (ERDF), European Social Fund (ESF) and the European Agricultural guidance and Guarantee Fund (EAGGF) as outlined in the "European Commission : Community Structural Funds 1994-99 Regulations and Commentary" (HMSO). Map shows UK Objective 1, 2 and 5b areas designated under the ERDF. | ||
| 650 | _aEC FUNDING | ||
| 650 | _aEUROPE | ||
| 650 | _aEUROPEAN AGRICULTURAL GUIDANCE AND GUARANTEE FUND | ||
| 650 | _aEUROPEAN REGIONAL DEVELOPMENT FUND | ||
| 650 | _aEUROPEAN SOCIAL FUND | ||
| 650 | _aREGIONAL DEVELOPMENT | ||
| 650 | _aSTRUCTURAL FUNDS | ||
| 690 | _aPLANNING LAW AND PRACTICE | ||
| 942 | _n0 | ||
| 948 | _c04/03/1997 | ||
| 999 |
_c44765 _d44765 |
||